Nintendo Gaming Consoles - Statistics

General Stats
  • This quiz has been taken 650 times
  • The average score is 12 of 17
Answer Stats
Release Date (US) Console % Correct
November 19, 2006 Wii
96%
November 18, 2012 Wii U
93%
July 31, 1989 Gameboy
92%
November 21, 2004 DS
91%
February 26, 2011 3DS
90%
October 18, 1985 NES
89%
November 18, 2001 Gamecube
87%
August 23, 1991 SNES
87%
September 19, 1996 N64
86%
November 18, 1998 Gameboy Color
77%
October 12, 2013 2DS
59%
April 5, 2009 DSi
53%
August 14, 1995 Virtual Boy
44%
March 2, 2006 DS lite
43%
June 11, 2001 Gameboy Advanced
43%
1980 Game and Watch
41%
1977 Color TV-Game
15%
No matching quizzes found
Score Distribution
Percent of People with Each Score
Percentile by Number Answered
Your Score History
You have not taken this quiz